Formulovanie inovačnej politiky na úrovni regiónov

Gespeichert in:
Bibliographische Detailangaben
1. Verfasser: Rehák, Štefan, 1974-
Format: Buchkapitel
Sprache:Slowakisch
Tags: Tag hinzufügen
Keine Tags, Fügen Sie das erste Tag hinzu!

MARC

LEADER 00000naa$a2200000$$$4500
001 0105404
005 20240502072150.0
041 0 |a slo 
044 |a SK 
245 1 0 |a Formulovanie inovačnej politiky na úrovni regiónov  |c Štefan Rehák 
100 1 |a Rehák, Štefan, 1974-